[Event "GER-chT U12 Girls"]
[Site "Magdeburg"]
[Date "2023.12.28"]
[Round "3.4"]
[White "Martin, Helene"]
[Black "Yamshchikova, Oleksandra"]
[Result "1-0"]
[WhiteElo "989"]
[BlackElo "956"]
[PlyCount "75"]
[EventDate "2023.12.26"]
[EventType "team-swiss"]
[EventRounds "7"]
[EventCountry "GER"]
[SourceTitle "CB03_2024"]
[SourceDate "2024.01.17"]
[SourceVersion "1"]
[SourceVersionDate "2024.01.17"]
[SourceQuality "1"]
[WhiteTeam "Plauen Koenig"]
[BlackTeam "Oberschoeneweide"]
[WhiteTeamCountry "GER"]
[BlackTeamCountry "GER"]

1. e4 e5 2. Nf3 Nc6 3. Bc4 Bc5 4. c3 d6 5. d3 Nf6 6. 0-0 0-0 7. Be3 Bb6 8. b4 a6 9. Nbd2 Ne7 10. Qc2 Ng6 11. Rfe1 c5 12. a3 a5 13. b5 d5 14. exd5 Nxd5 15. a4 Nf6 16. Ne4 Nxe4 17. dxe4 Qc7 18. Rad1 Rd8 19. Rd2 Bg4 20. Be2 Rxd2 21. Bxd2 Rd8 22. c4 Rd7 23. Rd1 Qd8 24. Kf1 Rd6 25. Bc3 Rxd1+ 26. Qxd1 Qc7 27. h3 Bxf3 28. Bxf3 h6 29. Qd2 Kh7 30. Bg4 Qd8 31. Qxd8 Bxd8 32. Bf5 b6 33. Bxe5 Kh8 34. Bxg6 fxg6 35. Ke2 Kh7 36. Bd6 h5 37. e5 Kg8 38. e6 1-0

[Event "GER-chT U12 Girls"]
[Site "Berlin"]
[Date "2022.12.27"]
[Round "3"]
[White "Vogt, Luna"]
[Black "Martin, Helene"]
[Result "1-0"]
[WhiteElo "1345"]
[BlackElo "1059"]
[PlyCount "89"]
[EventDate "2022.12.26"]
[EventType "team-swiss"]
[EventRounds "7"]
[EventCountry "GER"]
[SourceTitle "CBM 212 Extra"]
[Source "ChessBase"]
[SourceDate "2023.03.31"]
[SourceVersion "1"]
[SourceVersionDate "2023.03.31"]
[SourceQuality "1"]
[WhiteTeam "Porz SG"]
[BlackTeam "Plauen Koenig"]
[WhiteTeamCountry "GER"]
[BlackTeamCountry "GER"]

1. d4 Nf6 2. c4 g6 3. Nc3 Bg7 4. Nf3 0-0 5. e4 d6 6. Be3 c6 7. g3 b6 8. Bg2 Bb7 9. 0-0 Nbd7 10. Qc2 c5 11. d5 Ne5 12. Nxe5 dxe5 13. Bh3 Ba6 14. b3 Re8 15. Rad1 Qc7 16. Na4 Rab8 17. Nb2 b5 18. Nd3 bxc4 19. bxc4 Nxe4 20. f3 Nd6 21. Nxc5 Nxc4 22. Nxa6 Qb7 23. Qxc4 Rbc8 24. Bxc8 Rxc8 25. Rb1 Qd7 26. Qb5 Qd8 27. Rfc1 Rxc1+ 28. Rxc1 e6 29. Qb8 Qxb8 30. Nxb8 exd5 31. Nc6 e4 32. fxe4 dxe4 33. Rc4 f5 34. Nxa7 Be5 35. a4 Bb8 36. Rc8+ Kf7 37. Rxb8 h5 38. Nc6 Ke6 39. Nd4+ Kd5 40. a5 Kc4 41. a6 Kd3 42. Rb3+ Kc4 43. a7 g5 44. a8Q g4 45. Qc6# 1-0